000 00929nam a2200253Ia 4500
003 OSt
005 20220930192516.0
006 a|||||r|||| 00| 0
007 ta
008 220926b |||||||| |||| 00| 0 eng d
024 _a10265
037 _cDissertations
040 _aCRL
_cCRL
_beng
041 _2eng
_aeng
100 _aGrover Harish
_9561281
110 _aUniversity of Delhi. Faculty of Medical Sciences. Department of Preventive and Social Medicine
_9519254
245 0 _aStudy of defaulters anongst pulmonary tuberculosis patients attending a tubersulosis clinic in Delhi
260 _c1974
650 _aCOMMUNITY HEALTH SERVICES
700 _a Dr Prabha Malhotra Supervisor
_9526051
700 _aUniversity of Delhi. Faculty of Medical Sciences. Department of Preventive and Social Medicine
_9519256
942 _cDIS
_2CC
999 _c895270
_d895270